000 00658nam a2200277Ia 4500
005 20260324141731.0
008 008 260324s9999 xx 000 0 eng d
020 _a9781003576334
037 _aEBOOK
040 _aCRL
040 _beng
040 _cCRL
041 _2eng
041 _aeng
084 _qCRL
100 _aThomas K. Capozzoli; R. Steve McVey
_91209311
245 0 _aManaging Violence in the Workplace
260 _bTaylor and Francis
260 _c1996
365 _a
365 _b265
856 _uhttp://www.taylorfrancis.com/books/9781003576334
942 _cEBOOK
999 _c1812708
_d1812708